000 00623nam a2200217Ii 4500
003 JO-AjNU
008 230606s9999||||xx |||||||||||||| ||und||
020 _a1-86152-520-6
040 _aJO-AjNU
_beng
_erda
_cJO-AjNU
041 _aeng
050 1 4 _aHF5635 .B34 2000
100 3 _aBelkaoui,Ahmed Riahi,
_eauthor
_93046
245 0 0 _aAccounting Theory
250 _a4th ed
264 3 1 _aAustralia: Thomson Learning,2000
300 _a516p
_b Includes indexes(pages507-516)
336 _atext
_btxt
_2rdacontent
337 _aunmediated
_bn
_2rdamedia
338 _avolume
_bnc
_2rdacarrier
650 4 _aAccounting
_93047
999 _aE1598
_c1598
_d1598